1612 1606 1727 1255 1336 1027 1897 1559 1702 1619 1588 1483 1991 1537 1718 1817 1680 1893 1727 1245 1632 1719 1244 1126 1064 1193 1982 1825 1251 1310 1380 1297 1549 1466 1337 1338 1984 1497 1334 1173 1368 1050 1042 1322 1237 1262 1759 1678 1749 1582 1855 1055 1977 1065 1174 1709 1606 1893 1635 1942 1847 1491 1763 1912 1312 1598 1414 1004 1204 1701 1309 1922 1169 1563 1028 1677 1708 1480 1336 1983 1886 1816 1232 1690 1890 1816 1801 1114 1550 1775 1181 1454 1620 1360 1325 1605 1922 1511 1240 BCNSPRNW ULIB Ver.6.0+V

เปลี่ยนเป็นภาษาไทย

Change to English
 แสดงรายละเอียดบรรณานุกรม
  กลับหน้าหลัก

Brief Record : Get Marc (ISO 2709) : E-mail record : QR code < ปิดหน้าต่าง
LEADER : 00000nam 2200000uu 4500
001    13399115245
003     ULIB
008    020711s2542 th a 000 0 tha d
020    ^a9747888688
060  0 ^aWA670^bช647ส 2542
100    ^aชูชัย ศุภวงศ์ บรรณาธิการ
245    ^aสถานการณ์และด้านสุขภาพอนามัยสิ่งแวดล้อมในประเทศไทยจากอดีตสู่ปัจจุบัน
250    ^aพิมพ์ครั้งที่ 1
260    ^aไซเบอร์ เพรส :^bม.ป.ท.,^c2542
650    สถานการณ์และแนวโน้ม^xปัญหาอนามัยสิ่งแวดล้อม
945    ^p0^l0^i8633
999 ^a ใช้งานได้ทุกระบบ
รายการนี้ยังไม่มีแท็ก
คุณยังไม่ได้ล็อกอิน คุณสามารถมีกิจกรรมร่วมกับเว็บไซต์ได้ แต่ต้องล็อกอินก่อน ::
  ล็อกอิน

รายการสื่อสารสนเทศ

ลำดับที่ ประเภท เลขเรียก/บาร์โค้ด สถานที่ สถานะ
- ไม่พบข้อมูล -

BibComment


ยังไม่เคยถูกคอมเมนท์

คอมเมนท์ทรัพยากรรายการนี้
  คอมเมนท์: สถานการณ์และด้าน..


 Copyright 2026. Bcnsprnw @Library